000 00766nam a2200277Ia 4500
005 20250425161813.0
008 250425s9999 xx 000 0 und d
020 _a9700507742
041 _aspa
043 _amx
082 _a152.5
100 _aSMITH, MANUEL J.
245 0 _aCUANDO DIGO NO, ME SIENTO CULPABLE: COMO ESTAR A LA ALTURA SIGUIENDO LAS TECNICAS DE LA TERAPIA ASERTIVA SISTEMATICA
250 _a1A ED.
260 _aMéxico
_bGRIJALBO
_c1983
260 _aS.L.
300 _a438
500 _aTítulo Traducido: WHEN I SAY NO. I FEEL GUILTY
650 _aCOMPORTAMIENTO HUMANO
650 _aMOTIVACION
650 _aPSICOLOGIA
700 _aRAMON HERNANDEZ SOL
_etraductor
710 _aGRIJALBO
942 _c01
010 _a30313
999 _c216442
_d216442